Cricket world cup: full story of the 1983 prudential world cup. (Record no. 86442)
[ view plain ]
| 000 -LEADER | |
|---|---|
| fixed length control field | 00427nam a2200145Ia 4500 |
| 008 - FIXED-LENGTH DATA ELEMENTS--GENERAL INFORMATION | |
| fixed length control field | 210210b1983 xxu||||| |||| 00| 0 eng d |
| 082 ## - DEWEY DECIMAL CLASSIFICATION NUMBER | |
| Classification number | 796.358 HODC |
| 100 ## - MAIN ENTRY--PERSONAL NAME | |
| Personal name | HODGSON (Derek), Ed. |
| 245 ## - TITLE STATEMENT | |
| Title | Cricket world cup: full story of the 1983 prudential world cup. |
| 260 ## - PUBLICATION, DISTRIBUTION, ETC. | |
| Place of publication, distribution, etc. | Great Britain. |
| Name of publisher, distributor, etc. | George Allen & Unwin Ltd. |
| Date of publication, distribution, etc. | 1983 |
| 300 ## - PHYSICAL DESCRIPTION | |
| Extent | 48 |
| 650 ## - SUBJECT ADDED ENTRY--TOPICAL TERM | |
| Topical term or geographic name entry element | Cricket<br/><br/> |
| 690 ## - LOCAL SUBJECT ADDED ENTRY--TOPICAL TERM (OCLC, RLIN) | |
| Topical term or geographic name as entry element | Athletic & Outdoor Sports |
| 906 ## - LOCAL DATA ELEMENT F, LDF (RLIN) | |
| a | 036110 |
| Withdrawn status | Lost status | Damaged status | Not for loan | Collection code | Home library | Current library | Shelving location | Date acquired | Cost, normal purchase price | Total Checkouts | Full call number | Barcode | Date last seen | Price effective from | Koha item type |
|---|---|---|---|---|---|---|---|---|---|---|---|---|---|---|---|
| Games & Sports | St Aloysius Library | St Aloysius Library | 02/17/2021 | 0.00 | 796.358 HODC | 036110 | 02/17/2021 | 02/17/2021 | Book |